| 000 | 01114nam a22002537a 4500 | ||
|---|---|---|---|
| 005 | 20240530110541.0 | ||
| 008 | 160514s2014 ua a g b 000 0 ara d | ||
| 017 |
_a2013/22559 _bمصر . دار الكتب المصرية |
||
| 020 | _a9789773505509 | ||
| 040 | _aEG-CaGPL | ||
| 082 | 0 | 4 |
_221 _a003\ _bس ت |
| 100 | 0 | _aسمير عبدالغنى . | |
| 245 | 1 | 0 |
_aتحليل و تصميم نظم المعلومات : _bبناء نظرية قواعد البيانات المحاسبية : دليل بالمصطلحات المستخدمة فى مجال معالجة البيانات / _cتاليف سمير عبدالغنى . |
| 250 | _aط.1 | ||
| 260 |
_aالقاهرة : _bدار الكتاب الحديث ، _c2014 . |
||
| 300 |
_a189 ص ؛ _c24 سم . |
||
| 490 | 0 | _aتكنولوجيا المعلومات و اسس البرمجة . | |
| 504 | _aيشتمل على ارجاعات ببليوجرافية . | ||
| 650 | 0 | 4 | _aنظم المعلومات . |
| 650 | 0 | 4 | _aتحليل النظم . |
| 650 | 0 | 4 | _aقواعد البيانات . |
| 942 |
_2ddc _cBK |
||
| 999 |
_c62264 _d62264 |
||